[Event "Budapest FS02 GM"]
[Site "Budapest"]
[Date "1996.??.??"]
[Round "5"]
[White "Fancsy, Imre"]
[Black "Lukacs, Peter"]
[Result "1/2-1/2"]
[WhiteElo "2365"]
[BlackElo "2440"]

1.Nf3 d5 2.d4 Nf6 3.c4 e6 4.Nc3 c6 5.e3 Nbd7 6.Bd3 dxc4 7.Bxc4 b5 8.Be2 b4
9.Na4 Bb7 10.O-O Be7 11.b3 O-O 12.Bb2  1/2-1/2

[Event "Budapest FS04 GM"]
[Site "Budapest"]
[Date "1996.??.??"]
[Round "6"]
[White "Lukacs, Peter"]
[Black "Kozlov, Oleg"]
[Result "1-0"]
[WhiteElo "2440"]
[BlackElo "2370"]

1.d4 d5 2.c4 e6 3.Nf3 Nf6 4.Nc3 c6 5.e3 Nbd7 6.Bd3 a6 7.b3 b5 8.O-O Be7 9.Qc2 Bb7
10.c5 e5 11.dxe5 Ng4 12.Bxh7 Ndxe5 13.Nxe5 Nxe5 14.Bf5 Bc8 15.Ne2 Qc7 16.f4 Bxf5
17.Qxf5 Nd7 18.Bb2 Kf8 19.b4 Re8 20.Bd4 Bf6 21.a4 Rh6 22.axb5 axb5 23.Ra3 Kg8
24.Rfa1 Nf8 25.Ra7 Qb8 26.g4 Ne6 27.g5 Nxg5 28.fxg5 Qxh2+ 29.Kf1 Qh1+ 30.Ng1 Rh2
31.Qf3 Bxd4 32.exd4 Qxf3+ 33.Nxf3 Rb2 34.g6 fxg6 35.Ra8 Rxa8 36.Rxa8+ Kh7
37.Rc8 Rxb4 38.Rxc6 Rb2 39.Rb6 b4 40.Ke1 b3 41.Nd2 Rc2 42.Rxb3 Rc1+ 43.Ke2 g5
44.Rg3 Kh6 45.Nf3 Rc2+ 46.Kd3  1-0

[Event "Spring op"]
[Site "Budapest"]
[Date "1996.??.??"]
[Round "7"]
[White "Csiszar, Csaba"]
[Black "Splosnov, Sergei"]
[Result "1/2-1/2"]
[WhiteElo "2375"]
[BlackElo "2285"]

1.d4 d5 2.c4 e6 3.Nc3 c6 4.e3 Nf6 5.Nf3 Nbd7 6.Bd3 dxc4 7.Bxc4 b5 8.Bd3 a6
9.e4 c5 10.e5 cxd4 11.Nxb5 axb5 12.exf6 Bb7 13.fxg7 Bxg7 14.O-O O-O 15.Re1 Nc5
16.Bxh7+ Kxh7 17.Ng5+ Kg8 18.Qh5 Re8 19.Qxf7+ Kh8 20.Re5 Qe7 21.Qh5+ Kg8
22.Qh7+ Kf8 23.Nxe6+ Qxe6 24.Rf5+ Qxf5 25.Qxf5+ Kg8 26.Bf4 Rac8 27.h4 d3
28.h5 Be4 29.Qg4 Kh7 30.f3 Rg8 31.Qh3 Bxf3 32.g4 Bxb2 33.Rf1  1/2-1/2

[Event "HUN-ch"]
[Site "Budapest"]
[Date "1996.??.??"]
[Round "7"]
[White "Horvath, Csaba"]
[Black "Lukacs, Peter"]
[Result "1/2-1/2"]
[WhiteElo "2530"]
[BlackElo "2475"]

1.d4 d5 2.c4 c6 3.Nc3 Nf6 4.e3 e6 5.Nf3 Nbd7 6.Bd3 dxc4 7.Bxc4 b5 8.Bd3 a6
9.e4 c5 10.d5 Qc7 11.O-O c4 12.dxe6 fxe6 13.Bc2 Bc5 14.e5 Nxe5 15.Bf4 Bd6
16.Bxe5 Bxe5 17.Nxe5 Qxe5 18.Re1 Qc7 19.a4 Rb8 20.axb5 axb5 21.Nxb5 Rxb5
22.Ba4 Qb8 23.Bxb5+ Qxb5 24.Qd6 Qd5 25.Qxd5 Nxd5 26.Rac1 Ke7 27.Rxc4 Bd7  1/2-1/2

[Event "Budapest FS04 IM"]
[Site "Budapest"]
[Date "1996.??.??"]
[Round "7"]
[White "Nazarenus, Olaf"]
[Black "Gorjatchev, Victor"]
[Result "1/2-1/2"]
[WhiteElo "2165"]
[BlackElo "2355"]

1.c4 e6 2.Nc3 d5 3.d4 c6 4.e3 Nf6 5.Nf3 Nbd7 6.Bd3 dxc4 7.Bxc4 b5 8.Bd3 b4
9.Ne2 Be7 10.O-O O-O 11.Nf4 Qb6 12.Ng5 Ba6 13.e4 Bxd3 14.Qxd3 e5 15.dxe5 Nxe5
16.Qh3 Bc5 17.Qf5 g6 18.Nxg6 fxg6 19.Qxe5 Bxf2+ 20.Kh1 Rae8 21.Qd6 Bc5 22.Qd3 Ng4
23.Qc4+ Kh8 24.Nf7+ Rxf7 25.Rxf7 Ne5 26.Qf1 Nxf7 27.Qxf7 Rf8 28.Qc4 Bd4 29.Bh6 Bxb2
30.Bxf8 Bxa1 31.Bxb4 Bg7 32.h3 Qb5 33.Qxb5 cxb5 34.Kg1 Kg8 35.Kf2 Kf7 36.Ke3 Ke6
37.Kd3 Ba1 38.Bc3 Bxc3 39.Kxc3 Ke5 40.Kb4 Kxe4 41.Kxb5 Kf4 42.Ka6 Kg3 43.Kxa7 Kxg2
44.h4 Kg3 45.Kb8 Kxh4 46.a4 g5  1/2-1/2

[Event "Budapest FS04 IM"]
[Site "Budapest"]
[Date "1996.??.??"]
[Round "9"]
[White "Schoene, Ralf"]
[Black "Gorjatchev, Victor"]
[Result "0-1"]
[WhiteElo "2405"]
[BlackElo "2355"]

1.d4 d5 2.c4 e6 3.Nc3 c6 4.e3 Nf6 5.Nf3 Nbd7 6.Bd3 dxc4 7.Bxc4 b5 8.Bd3 Bb7
9.e4 b4 10.Na4 Qa5 11.O-O c5 12.e5 Nd5 13.Nxc5 Bxc5 14.dxc5 Nxc5 15.Bc2 Rd8
16.Bg5 f6 17.exf6 gxf6 18.Qd4 Kf7 19.Bh4 Rhg8 20.Rfe1 h5 21.h3 Qc7 22.Rac1 Rxg2+
23.Kxg2 Nf4+ 24.Kh2 Rxd4 25.Nxd4 Qd6 26.Nb3 Ne2+ 27.Bg3 Nxg3 28.fxg3 Nxb3
29.Rcd1 Nd4  0-1

[Event "Spring op"]
[Site "Budapest"]
[Date "1996.??.??"]
[Round "9"]
[White "Prelovskij, R."]
[Black "Splosnov, Sergei"]
[Result "1/2-1/2"]
[WhiteElo "2330"]
[BlackElo "2285"]

1.c4 e6 2.Nf3 d5 3.d4 Nf6 4.Nc3 c6 5.e3 Nbd7 6.Bd3 dxc4 7.Bxc4 b5 8.Bb3 b4
9.Ne2 Bb7 10.Nf4 Bd6 11.Nd3 O-O 12.O-O Qe7 13.Nfe5 c5 14.Nxd7 Nxd7 15.Qh5 Rac8
16.dxc5 Nxc5 17.Nxc5 Rxc5 18.Qh3 g6 19.f4 Be4 20.Bd2 a5 21.Be1 Rh5 22.Qg4 Rc8
23.Qe2 Rhc5 24.Bf2 Qb7  1/2-1/2

[Event "Budapest FS02 GM"]
[Site "Budapest"]
[Date "1996.??.??"]
[Round "10"]
[White "Dao Thien Hai"]
[Black "Fancsy, Imre"]
[Result "1-0"]
[WhiteElo "2560"]
[BlackElo "2365"]

1.d4 d5 2.c4 c6 3.Nf3 Nf6 4.Nc3 e6 5.e3 Nbd7 6.Qc2 Bd6 7.g4 Nxg4 8.Rg1 Qf6
9.Rxg4 Qxf3 10.Rxg7 Nf8 11.Rg1 Ng6 12.Be2 Qf6 13.Bd2 Bd7 14.O-O-O Bxh2 15.Rgf1 Bc7
16.f4 Ne7 17.e4 O-O-O 18.f5 dxc4 19.fxe6 Qxe6 20.Qa4 Kb8 21.Bxc4 Qh3 22.Bg5 Bg4
23.Bxe7 Qe3+ 24.Kc2 Bxd1+ 25.Rxd1 Rd7 26.Bc5 Bb6 27.Qb4 Bxc5 28.Qxc5 Rhd8
29.Qe5+ Ka8 30.Rd3 Qe1 31.a4 Rg8 32.Kb3 Qc1 33.Rf3 Rdd8 34.Rf1 Qd2 35.Rd1 Qf2
36.Qf5 Qe3 37.Qxf7 Rg2 38.e5 a6 39.e6 Rf2 40.Qxh7 Rb8 41.Qe4 Qg5 42.Be2 Re8
43.Rf1 Rh2 44.Rf5 Qd8 45.d5 Rh4 46.Qe3 Qa5 47.Kc2 Rh7 48.Bh5 Rc8 49.e7 Rxe7
50.Qxe7 cxd5 51.Rf8 Qxa4+ 52.Kb1 Qc4 53.Rxc8+ Qxc8 54.Qe8  1-0

[Event "Elekes mem"]
[Site "Budapest"]
[Date "1996.??.??"]
[Round "11"]
[White "Petran, Pal"]
[Black "McDonald, Neil R"]
[Result "1/2-1/2"]
[WhiteElo "2440"]
[BlackElo "2450"]

1.Nf3 d5 2.d4 Nf6 3.c4 c6 4.Nc3 e6 5.e3 Nbd7 6.Bd3 Bd6 7.e4 dxe4 8.Nxe4 Nxe4
9.Bxe4 c5 10.O-O Qc7 11.Re1 Nf6 12.Bc2 Bd7 13.h3 cxd4 14.Qxd4 Bc6 15.Ne5 Rd8
16.Qc3 Bxe5 17.Qxe5 Qxe5 18.Rxe5 O-O 19.Re1 b5 20.b3 bxc4 21.bxc4 Rd4 22.Bb3 a6
23.Be3 Rd3 24.Rad1 Rfd8 25.f3 Rxd1 26.Bxd1 Kf8 27.Kf2 Ke7 28.Be2 Rb8 29.Bc5+ Kd7
30.Rd1+ Kc8 31.Bd4 Ne8 32.Bd3 g6 33.Bc3 Rb7 34.g4 Rd7 35.Ke3 Nd6 36.Rb1 Nb7
37.Be2 Nc5 38.Bd4 Rb7 39.Rxb7 Nxb7 40.Kf4 Kd7 41.Kg5 Ke7 42.Kh6 f6 43.f4 Be4
44.Kg7 e5 45.fxe5 f5 46.Kxh7 f4 47.c5 Nd8 48.Bxa6 Ne6 49.Bf2 Ng5+ 50.Kh6 Nf7+
51.Kg7 Nxe5 52.Bd4 Ke6 53.Bxe5 Kxe5 54.h4 f3 55.h5 gxh5 56.gxh5 Kd4 57.h6 Kxc5
58.Kf6 Kd4 59.Kg5 Bd3 60.Bb7 f2 61.Bg2 Ke3 62.a4 Kd2 63.a5 Ke1 64.a6 Bxa6
65.h7 Bf1 66.Bxf1 Kxf1 67.h8=Q Kg2 68.Qd4 Kh1 69.Qe4+ Kg1 70.Qg4+ Kh1 71.Qe2 Kg1  1/2-1/2

[Event "Elekes mem"]
[Site "Budapest"]
[Date "1996.??.??"]
[Round "11"]
[White "Varga, Zoltan"]
[Black "Gabriel, Christian"]
[Result "1/2-1/2"]
[WhiteElo "2540"]
[BlackElo "2510"]

1.d4 Nf6 2.c4 e6 3.Nf3 d5 4.Nc3 c6 5.e3 Nbd7 6.Qc2 Bd6 7.Be2 O-O 8.O-O Re8
9.Rd1 Qe7 10.h3 b6 11.e4 dxe4 12.Nxe4 Nxe4 13.Qxe4 Bb7 14.Bf4 Bxf4 15.Qxf4 c5
16.Qc7 Rab8 17.dxc5 Nxc5 18.Qxe7 Rxe7  1/2-1/2

[Event "Budapest FS06 GM"]
[Site "Budapest"]
[Date "1996.??.??"]
[Round "11"]
[White "Priehoda, Vitezslav"]
[Black "Bezgodov, Alexei"]
[Result "1-0"]
[WhiteElo "2380"]
[BlackElo "2485"]

1.d4 d5 2.c4 c6 3.Nf3 Nf6 4.Nc3 e6 5.e3 Nbd7 6.Qc2 Bd6 7.b3 b6 8.Be2 Bb7
9.O-O O-O 10.Rd1 Qe7 11.Bb2 Rac8 12.e4 e5 13.dxe5 Nxe5 14.exd5 cxd5 15.Nb5 Nxf3+
16.Bxf3 Bb8 17.Qf5 a6 18.Re1 Qd8 19.Bxf6 Qxf6 20.Qxf6 gxf6 21.Nd4 Be5 22.Rad1 Rcd8
23.Nf5 Rfe8 24.Bxd5 Bc8 25.Ne3 Bc3 26.Rf1 Rf8 27.Rd3 Bb4 28.Rfd1 Kg7 29.Nc2 Be7
30.Nd4 Bd7 31.Be4 Bc8 32.Bb7 Bxb7 33.Nf5+ Kh8 34.Nxe7 Rxd3 35.Rxd3 Re8 36.Rd7 Bc8
37.Rc7 Be6 38.f4 f5 39.g4  1-0

[Event "Budapest FS04 GM"]
[Site "Budapest"]
[Date "1996.??.??"]
[Round "11"]
[White "Hoang Than Trang"]
[Black "Videki, Sandor"]
[Result "1/2-1/2"]
[WhiteElo "2360"]
[BlackElo "2460"]

1.d4 d5 2.c4 e6 3.Nc3 c6 4.e3 Nf6 5.Nf3 Nbd7 6.Qc2 Bd6 7.b3 e5 8.cxd5 Nxd5
9.Nxd5 cxd5 10.dxe5 Nxe5 11.Bb5+ Bd7 12.Bxd7+ Qxd7 13.Nxe5 Bxe5 14.Bb2 Rc8
15.Qd2 Bxb2 16.Qxb2 O-O 17.O-O Qf5 18.Rac1 Rxc1 19.Rxc1 Rc8  1/2-1/2

[Event "Budapest FS05 GM"]
[Site "Budapest"]
[Date "1996.??.??"]
[Round "11"]
[White "Horvath, Csaba"]
[Black "McDonald, Neil R"]
[Result "1-0"]
[WhiteElo "2540"]
[BlackElo "2450"]

1.d4 d5 2.Nf3 c6 3.c4 Nf6 4.Nc3 e6 5.e3 Nbd7 6.Bd3 dxc4 7.Bxc4 b5 8.Bd3 Bb7
9.O-O a6 10.e4 c5 11.d5 Qb6 12.a4 b4 13.dxe6 fxe6 14.Nb1 Nxe4 15.Ng5 Nxg5
16.Bxg5 Ne5 17.Bc2 Qc6 18.f3 c4 19.Kh1 Qc5 20.Nd2 Bd5 21.Qe2 Nf7 22.Be3 Qc7
23.Rac1 Rc8 24.Bd4 Bc5 25.Bxg7 Rg8 26.Be4 Kd7 27.Rfe1 Rce8 28.Bf6 Qf4 29.Bxh7 Qxf6
30.Bxg8 Rxg8 31.Ne4 Bxe4 32.Rxc4 Bd5 33.Rxc5 Nd6 34.Rec1 Qg5 35.Rc7+ Kd8
36.R7c5 Ke7 37.Rc7+ Kf6 38.Qf2 Nf5 39.Re1 Rh8 40.Kg1 Rh5  1-0

[Event "Budapest FS05 IM"]
[Site "Budapest"]
[Date "1996.??.??"]
[Round "12"]
[White "Seres, Lajos"]
[Black "Farago, Sandor"]
[Result "1-0"]
[WhiteElo "2440"]
[BlackElo "2365"]

1.d4 d5 2.c4 c6 3.Nf3 Nf6 4.Nc3 e6 5.e3 Nbd7 6.Bd3 Bd6 7.O-O O-O 8.e4 dxe4
9.Nxe4 Nxe4 10.Bxe4 h6 11.Bc2 Re8 12.Re1 Bf8 13.Qd3 g6 14.h4 Bg7 15.Bf4 Nf6
16.Rad1 Ng4 17.h5 g5 18.Qh7+ Kf8 19.Be5 f6 20.Re4 Nxe5 21.dxe5 Qe7 22.exf6 Qxf6
23.Ne5 Rd8 24.Rxd8+ Qxd8 25.Ng6+ Kf7 26.Re3 g4 27.Re4  1-0

[Event "Budapest FS04 GM"]
[Site "Budapest"]
[Date "1996.??.??"]
[Round "13"]
[White "Lukacs, Peter"]
[Black "Videki, Sandor"]
[Result "1/2-1/2"]
[WhiteElo "2440"]
[BlackElo "2460"]

1.d4 d5 2.c4 c6 3.Nc3 Nf6 4.Nf3 e6 5.e3 Nbd7 6.Bd3 dxc4 7.Bxc4 b5 8.Bd3 Bb7
9.O-O a6 10.e4 c5 11.e5 Nd5  1/2-1/2

[Event "JUG-chT"]
[Site "Budva"]
[Date "1996.??.??"]
[Round "2"]
[White "Nikcevic, Nebojsa"]
[Black "Mukhametov, Eldar"]
[Result "1-0"]
[WhiteElo "2485"]
[BlackElo "2505"]

1.d4 d5 2.c4 c6 3.Nc3 Nf6 4.e3 e6 5.Nf3 Nbd7 6.Qc2 Bd6 7.Bd3 O-O 8.O-O dxc4
9.Bxc4 e5 10.Bd2 Qe7 11.Bb3 Bc7 12.Rae1 h6 13.Nh4 Re8 14.f4 e4 15.Ng6 Qd8
16.Ne5 Re7 17.Nxe4 Nxe4 18.Qxe4 Nc5 19.dxc5 Qxd2 20.Rd1 Qe2 21.Rd6 Qh5 22.Bc2 g6
23.Qd4 Be6 24.Nxg6 fxg6 25.Rxe6 Rg7 26.Qe4  1-0

[Event "Calcutta op"]
[Site "Calcutta"]
[Date "1996.??.??"]
[Round "4"]
[White "Sharma, Dinesh K"]
[Black "Mohota, Nisha"]
[Result "1-0"]
[WhiteElo "2260"]
[BlackElo "2110"]

1.d4 d5 2.c4 c6 3.Nf3 Nf6 4.e3 e6 5.Nc3 Nbd7 6.Qc2 Bd6 7.g4 h6 8.h3 Bb4 9.a3 Bxc3+
10.Qxc3 Ne4 11.Qc2 Qf6 12.Bg2 b6 13.Nh2 Ba6 14.b3 Nd6 15.cxd5 cxd5 16.Qc6 Ke7
17.Qc2 Rhc8 18.Qd2 Qg6 19.Nf3 Rc2 20.Nh4 Qd3 21.Qxd3 Bxd3 22.Bf3 Ne4 23.Bxe4 Re2+
24.Kd1 dxe4 25.Ng2 Rxf2 26.Nf4 Rc8 27.Bd2 Rc2 28.Be1 Ra2 29.Rxa2 Rxa2 30.Bc3 Nf6
31.Re1 Bc2+ 32.Kc1 g5 33.Bb2 Bxb3 34.Ne2 Nd5 35.Kb1 Nb4  1-0

[Event "Calcutta op"]
[Site "Calcutta"]
[Date "1996.??.??"]
[Round "7"]
[White "Sherbakov, Ruslan"]
[Black "Shankar, Roy"]
[Result "1-0"]
[WhiteElo "2565"]
[BlackElo "2295"]

1.d4 d5 2.c4 c6 3.Nf3 Nf6 4.Nc3 e6 5.e3 Nbd7 6.Bd3 Bd6 7.e4 dxe4 8.Nxe4 Nxe4
9.Bxe4 O-O 10.O-O f5 11.Bc2 Qf6 12.Bg5 Qg6 13.Qd2 Nf6 14.Bf4 Ne4 15.Qe3 Bd7
16.Rfe1 Rad8 17.Rad1 Be8 18.Ne5 Qh5 19.Nd3 Be7 20.f3 Bf6 21.Be5 Nd6 22.Nf4 Qh6
23.Nxe6 Qxe3+ 24.Rxe3 Nxc4 25.Re2 Nxe5 26.dxe5 Rxd1+ 27.Bxd1 Be7 28.Bb3 Bf7
29.Nxf8 Bxb3 30.axb3 Bc5+ 31.Kf1 Kxf8 32.f4 Ke7 33.g3 Bd4 34.Rd2 Be3 35.Re2 Bd4
36.h4 h5 37.Rd2 Bc5 38.Ke2 a5 39.Rd1 Bb4 40.Rc1 Ke6 41.Rd1 Ke7 42.Rc1 Ke6
43.Rc4 Kd5 44.Rc2 Ke4 45.Rc1 Kd4 46.Re1 Kd5 47.Rd1+ Ke6 48.Rd8 Bc5 49.Rg8 Kf7
50.Rc8 Ke6 51.Rc7 Bd4 52.Rxb7  1-0

[Event "Cannes op"]
[Site "Cannes"]
[Date "1996.??.??"]
[Round "1"]
[White "Etchegaray, Patrice"]
[Black "Pavasovic, Dusko"]
[Result "1/2-1/2"]
[WhiteElo "2295"]
[BlackElo "2425"]

1.d4 d5 2.c4 e6 3.Nc3 c6 4.Nf3 Nf6 5.e3 Nbd7 6.Bd3 dxc4 7.Bxc4 b5 8.Bd3 a6
9.e4 c5 10.e5 cxd4 11.Nxb5 axb5 12.exf6 gxf6 13.O-O Qb6 14.Qe2 Ba6 15.a4 Nc5
16.axb5 Bb7 17.Rxa8+ Bxa8 18.Bf4 Bd6 19.Bg3 Bxg3 20.hxg3 Bxf3 21.gxf3 Nxd3
22.Qxd3 O-O 23.Kg2 Rd8 24.Rh1 f5 25.Qd2 d3 26.Qg5+ Kh8 27.Qf6+ Kg8 28.Qg5+  1/2-1/2

[Event "Cannes op"]
[Site "Cannes"]
[Date "1996.??.??"]
[Round "1"]
[White "Hauchard, Arnaud"]
[Black "Lazovic, Gordan"]
[Result "1-0"]
[WhiteElo "2460"]
[BlackElo "2325"]

1.c4 e6 2.Nc3 d5 3.d4 c6 4.e3 Nf6 5.Nf3 Nbd7 6.Qc2 Bd6 7.Bd2 O-O 8.h3 e5
9.cxd5 Nxd5 10.Ne4 Bc7 11.Neg5 g6 12.e4 N5b6 13.dxe5 Nxe5 14.Be2 Qe7 15.O-O h6
16.Nxe5 Bxe5 17.Nf3 Bg7 18.Rfe1 Be6 19.Be3 Rfd8 20.a3 Rd7 21.Rad1 Rad8 22.Rxd7 Rxd7
23.b4 Qf6 24.b5 Qb2 25.Qxb2 Bxb2 26.Bxh6 c5 27.Bc1 Bc3 28.Rd1 Rxd1+ 29.Bxd1 Bd7
30.Be3 Nc4 31.Bxc5 b6 32.Bd4 Bxd4 33.Nxd4 Nxa3 34.Be2 Nb1 35.f4 Nc3 36.Bd3 Kf8
37.Kf2 Ke7 38.g4 Kd6 39.Ke3 Kc5 40.f5 g5 41.Nf3 f6 42.e5 Nd5+ 43.Kd2 Bxb5
44.exf6 Nxf6 45.Nxg5 Bxd3 46.Kxd3 Kd5 47.Nf3 Ne4 48.g5 Nxg5 49.Nxg5 Ke5 50.Nf3+ Kxf5
51.Ke3 b5 52.Nd4+ Kg5 53.Kf3 Kh4 54.Kg2 b4 55.Nb3 Kh5 56.Kg3 Kg5 57.h4+ Kh5
58.Kh3 Kg6 59.Kg4 Kh6 60.h5 Kg7 61.Kg5 Kf7 62.h6 a5 63.Nxa5 Kg8 64.Kg6 Kh8
65.Nc6  1-0

[Event "Cannes Martinez op"]
[Site "Cannes"]
[Date "1996.??.??"]
[Round "8"]
[White "Blery, Gilles"]
[Black "Lenfant, Francois"]
[Result "1-0"]
[WhiteElo "2195"]
[BlackElo "2065"]

1.d4 d5 2.c4 c6 3.Nc3 Nf6 4.e3 e6 5.Nf3 Nbd7 6.Bd3 dxc4 7.Bxc4 b5 8.Bd3 Bb7
9.O-O a6 10.e4 c5 11.e5 cxd4 12.Nxb5 axb5 13.exf6 Qb6 14.fxg7 Bxg7 15.Re1 O-O
16.Bf4 Bd5 17.Ng5 h6 18.Nf3 Nc5 19.Ne5 Qb7 20.Qg4 Nxd3 21.Nxd3 Kh8 22.f3 Rxa2
23.Rxa2 Bxa2 24.Be5 Rg8 25.Qxd4 Qd5 26.Bxg7+ Rxg7 27.Qxd5 Bxd5 28.Nf4 Bxf3
29.Re5 Rg5 30.Rxg5 hxg5 31.Nxe6 Bxg2 32.Nxg5 Bd5 33.Kf2 Kg7 34.Ke3 Kf6 35.Ne4+ Ke5
36.Nc3 Bc6 37.Ne2 Bd7 38.Nf4 Bf5 39.h4 Bb1 40.Ne2 Bg6 41.Nd4 f5 42.Nxb5 f4+
43.Kf3 Bh5+ 44.Kf2 Kf5 45.Nd4+ Kg4 46.b4 Kxh4 47.b5 Bf7 48.Kf3 Kg5 49.Ke4 Bc4
50.b6 Ba6 51.Ne6+ Kf6 52.Nc5 Bc8 53.Kxf4 Kf7 54.Ke5 Ke7 55.Kd5 Ke8 56.Kc6 Bh3
57.Kc7 Bg2 58.Nb7 Ke7 59.Nd8 Ba8 60.Nb7  1-0

[Event "EU-ch Rapid-30'"]
[Site "Cap d`Agde"]
[Date "1996.??.??"]
[Round "?"]
[White "Van Wely, Loek"]
[Black "Akopian, Vladimir"]
[Result "1-0"]
[WhiteElo "2605"]
[BlackElo "2630"]

1.d4 d5 2.c4 c6 3.Nc3 Nf6 4.Nf3 e6 5.e3 Nbd7 6.Bd3 dxc4 7.Bxc4 b5 8.Bd3 Bb7
9.O-O b4 10.Ne4 Be7 11.Nxf6+ Nxf6 12.e4 O-O 13.Qe2 c5 14.dxc5 Nd7 15.Ba6 Bxa6
16.Qxa6 Nxc5 17.Qe2 Qd3 18.Re1 Rfd8 19.Bf4 Qxe2 20.Rxe2 Nd3 21.g3 Nxf4 22.gxf4 Rac8
23.Rae1 g6 24.Kg2 Kg7 25.b3 Bd6 26.e5 Be7 27.Nd2 Rd4 28.Ne4 h6 29.Kg3 g5
30.fxg5 hxg5 31.Nd2 Rc3+ 32.Kg2 a5 33.Nc4 a4 34.Re3 Bc5 35.Rxc3 bxc3 36.Rc1 axb3
37.axb3 Rd3 38.Kf1 Rf3 39.Rc2 Kg6 40.Ke1 g4 41.Kd1 Bxf2 42.b4 Bd4 43.b5 Kg5
44.Rg2 Kh4 45.b6 c2+ 46.Rxc2 Rb3 47.Rd2 Bxb6 48.Rd7  1-0

[Event "Cappelle op"]
[Site "Cappelle la Grande "]
[Date "1996.??.??"]
[Round "?"]
[White "Pedersen, Steffen"]
[Black "Gurevich, Mikhail"]
[Result "0-1"]
[WhiteElo "2405"]
[BlackElo "2590"]

1.d4 Nf6 2.c4 e6 3.Nf3 d5 4.Nc3 c6 5.e3 Nbd7 6.Qc2 Bd6 7.Bd2 O-O 8.h3 a6
9.g4 b6 10.cxd5 cxd5 11.Bd3 g6 12.O-O-O Bb7 13.Kb1 Rc8 14.Qb3 b5 15.a4 Ne4
16.Be1 Nxc3+ 17.Bxc3 Bc6 18.axb5 Bxb5 19.Bxb5 Rb8 20.h4 Rxb5 21.Qc2 Qf6 22.Rh3 Rc8
23.g5 Qe7 24.h5 Ba3 25.b3 Nf8 26.Rd3 a5 27.Ka2 a4 28.Nd2 axb3+ 29.Nxb3 Qa7  0-1

[Event "Cappelle op"]
[Site "Cappelle la Grande "]
[Date "1996.??.??"]
[Round "?"]
[White "Gurevich, Mikhail"]
[Black "Ruzele, Darius"]
[Result "1/2-1/2"]
[WhiteElo "2590"]
[BlackElo "2465"]

1.c4 c6 2.Nf3 d5 3.e3 Nf6 4.Nc3 e6 5.d4 Nbd7 6.Qc2 Bd6 7.Be2 O-O 8.O-O Re8
9.Rd1 Qe7 10.a3 a5 11.h3 h6 12.b3 b6 13.e4 Nxe4 14.Nxe4 dxe4 15.Qxe4 Nf6
16.Qh4 Bb7 17.Bf4 Bxf4 18.Qxf4 c5 19.Ne5 Rad8 20.Rd3 Be4 21.Rg3 Kf8 22.dxc5 bxc5
23.Re1 Rd4 24.Bf3 Bb7 25.Qc1 Red8 26.Qc3 Bxf3 27.Rxf3 Qc7 28.Rfe3 Qb6 29.Nf3 Rd1
30.Rxd1 Rxd1+ 31.Re1 Ne4 32.Qc2 Rxe1+ 33.Nxe1 Nd6 34.Nf3 Nf5 35.Qe4 f6 36.g4 Ne7
37.Qe3 Kf7 38.Nd2 Nc6 39.Nf3 Ne7 40.h4 Qd6 41.h5 Nc6 42.Qe4 Ne7 43.Kg2 Nc6
44.Ne1 Ne5 45.f4 Qd2+ 46.Kf1 Nd7 47.Nf3 Qd1+ 48.Kg2 Qxb3 49.g5 f5 50.Qa8 Qxc4
51.Qd8 Qc2+ 52.Kg3 Nf8 53.Qc7+ Ke8 54.Qxg7 hxg5 55.fxg5 Qe4 56.g6 f4+ 57.Kg4 Qf5+
58.Kh4 c4 59.Qh8 c3 60.Nd4 Qd3 61.Kg5 f3 62.Qf6 Qd2+ 63.Kg4 Qg2+ 64.Kf4 f2
65.Qf7+ Kd8 66.Qxf8+ Kd7 67.Qf7+ Kc8 68.Qxe6+ Kb7 69.Qd7+ Ka8 70.Qc8+ Ka7
71.Qc7+ Ka6 72.Qc4+ Kb7 73.Qb5+ Kc8 74.Qa6+ Kb8 75.Qb5+ Kc8 76.Qc5+ Kb7 77.Qe7+ Kc8
78.Qe6+ Kb7 79.Qd7+ Ka8 80.Qc8+ Ka7 81.Nc6+ Kb6 82.Qd8+ Kc5 83.Qxa5+ Kd6
84.Qd8+ Kc5 85.Qf8+ Kb6 86.Qb8+ Kc5 87.Qa7+ Kd6 88.Qd4+ Kxc6 89.Qxc3+ Kb6
90.Qb4+ Ka6 91.Qa4+  1/2-1/2

[Event "Cappelle op"]
[Site "Cappelle la Grande "]
[Date "1996.??.??"]
[Round "2"]
[White "Stanec, Nikolaus"]
[Black "Kadimova, Ilaha"]
[Result "1-0"]
[WhiteElo "2490"]
[BlackElo "2325"]

1.c4 c6 2.d4 d5 3.e3 Nf6 4.Nc3 e6 5.Nf3 Nbd7 6.Qc2 Bd6 7.Bd3 O-O 8.O-O Re8
9.e4 dxc4 10.Bxc4 e5 11.h3 h6 12.Be3 Qe7 13.Rfe1 b5 14.Bb3 a6 15.Rad1 Rb8
16.a3 c5 17.dxc5 Nxc5 18.Nd5 Nxd5 19.Bxd5 Bb7 20.Bxb7 Nxb7 21.Qc6 Ra8 22.Rd5 Rec8
23.Qb6 Bb8 24.Rc1 Rxc1+ 25.Bxc1 Qc7 26.Qxc7 Bxc7 27.Rd7 Rc8 28.Be3 Nd8 29.Rd5 Nc6
30.Nh4 Bd8 31.Nf5 h5 32.Rd7 Bf6 33.Rxf7 Kxf7 34.Nd6+ Ke6 35.Nxc8 Na5 36.Nb6 Nc4
37.Nxc4 bxc4 38.Kf1 Be7 39.Ke2 Kd7 40.Kd2 Kc6 41.Kc3 Kb5 42.a4+ Kxa4 43.Kxc4  1-0

[Event "Cappelle op"]
[Site "Cappelle la Grande "]
[Date "1996.??.??"]
[Round "4"]
[White "Szekely, Peter"]
[Black "Anastasian, Ashot"]
[Result "1-0"]
[WhiteElo "2435"]
[BlackElo "2520"]

1.d4 d5 2.c4 e6 3.Nf3 Nf6 4.Nc3 c6 5.e3 Nbd7 6.Qc2 Bd6 7.Be2 O-O 8.O-O dxc4
9.Bxc4 e5 10.h3 Qc7 11.Bb3 Re8 12.Ng5 Re7 13.Bd2 exd4 14.exd4 h6 15.Nge4 Nxe4
16.Nxe4 Nf8 17.a3 a5 18.Nxd6 Qxd6 19.Qc5 Qxc5 20.dxc5 Be6 21.Bc2 Bc4 22.Rfe1 Ne6
23.Rad1 Rd7 24.Be3 Rad8 25.Rxd7 Rxd7 26.Rd1 Rxd1+ 27.Bxd1 Kf8 28.f4 Bd3 29.Kf2 Ke7
30.g3 f6 31.Bd2 Nxc5 32.Bxa5 Ke6 33.Ke3 Bf1 34.Bb4 Kd5 35.h4 g5 36.Bc3 gxh4
37.gxh4 Ke6 38.b4 Nd7 39.Bd4 Bc4 40.Bc2 f5 41.Bg7 h5 42.Bd1 Kf7 43.Be5 Kg6
44.Kd4 Be6 45.a4 b6 46.Bd6 Nf6 47.a5 c5+ 48.Ke5 Kf7 49.bxc5 bxa5 50.Bc7 a4
51.Bxa4 Ne4 52.Bd1 Nxc5 53.Bxh5+ Kg7 54.Bd6  1-0

[Event "WLS-ch"]
[Site "Cardiff"]
[Date "1996.??.??"]
[Round "1"]
[White "Cummings, David H"]
[Black "Binks, Michael"]
[Result "1-0"]
[WhiteElo "2350"]
[BlackElo "2100"]

1.d4 d5 2.c4 c6 3.Nc3 Nf6 4.e3 e6 5.Nf3 Be7 6.Bd3 Nbd7 7.O-O O-O 8.e4 dxe4
9.Nxe4 Qc7 10.Ng3 c5 11.Re1 cxd4 12.Nxd4 b6 13.b3 Bb7 14.Bb2 Rad8 15.Qe2 Bb4
16.Red1 Qf4 17.a3 Bd6 18.Bc2 Bb8 19.f3 Ne5 20.Qf2 Qh4 21.Nf1 Qh5 22.Ng3 Qh4
23.Ne4 Qxf2+ 24.Nxf2 Rd7 25.Kf1 Rfd8 26.Nb5 Bc6 27.Rxd7 Rxd7 28.Rd1 Rxd1+
29.Nxd1 Bxb5 30.cxb5 Ned7 31.g3 Be5 32.Bxe5 Nxe5 33.Ke2 Kf8 34.f4 Ned7 35.Ne3 g6
36.Nc4 Ke7 37.a4 Ne8 38.Nd2 Nef6 39.Nf3 h6 40.Nd4 Nb8 41.Nf3 Nfd7 42.Ke3 f5
43.Kd4 Kd6 44.b4 Ke7 45.Bb3 Kf6 46.h4 Ke7 47.Bd1 Kd6 48.Be2 h5 49.Bd3 Ke7
50.Bf1 Kd6 51.Bg2 Ke7 52.Nd2 Nf8 53.Nc4 Nfd7 54.a5 Kd8 55.Ne5 Nf8 56.Bc6 Ke7
57.Nc4 Nfd7 58.Bxd7 Nxd7 59.Ne5 Nf6 60.Nc6+ Kd6 61.Nxa7 Kc7 62.Nc6 Ne4 63.Ne5 Nxg3
64.Nc4 Ne2+ 65.Ke5 Ng1 66.Nxb6 Nf3+ 67.Kxe6 Nxh4 68.Nd5+ Kb7 69.Kd7 Nf3 70.a6+ Ka7
71.Kc7 Nd4 72.Nc3 h4 73.b6+ Kxa6 74.b5+ Ka5 75.b7 Ne6+ 76.Kd6  1-0

[Event "Castellar op"]
[Site "?"]
[Date "1996.??.??"]
[Round "?"]
[White "Comas Fabrego, Luis"]
[Black "Korneev, Oleg"]
[Result "1-0"]
[WhiteElo "2470"]
[BlackElo "2590"]

1.d4 d5 2.c4 e6 3.Nc3 c6 4.e3 Nf6 5.Nf3 Nbd7 6.Be2 dxc4 7.a4 Bd6 8.Bxc4 O-O
9.O-O Qe7 10.a5 e5 11.b3 e4 12.Nd2 Ne5 13.Be2 Ng6 14.Nc4 Re8 15.Nxd6 Qxd6
16.Ba3 Qe6 17.Qc2 Qf5 18.a6 bxa6 19.f4 exf3 20.Qxf5 Bxf5 21.Bxf3 Ne4 22.Nxe4 Bxe4
23.Bc5 Nh4 24.Kf2 g6 25.Rfe1 Rad8 26.Rxa6  1-0

[Event "Catalunya-chT"]
[Site "Catalunya"]
[Date "1996.??.??"]
[Round "?"]
[White "Gomez Jurado, Luis Alberto"]
[Black "Granados Gomez, Manuel"]
[Result "1-0"]
[WhiteElo "2285"]
[BlackElo "2350"]

1.d4 d5 2.Nf3 Nf6 3.c4 c6 4.Nc3 e6 5.e3 Nbd7 6.Qc2 Bd6 7.g4 O-O 8.g5 Nh5
9.Bd2 f5 10.O-O-O g6 11.Kb1 a6 12.h4 b5 13.c5 Bc7 14.Be2 Ng7 15.Rdg1 Re8
16.h5 e5 17.hxg6 hxg6 18.Rh6 Kf7 19.Nh4 Nf8 20.dxe5 Bxe5 21.f4 Bc7 22.Bf3 d4
23.Bxc6 dxc3 24.Bxc3 Bd7 25.Bxa8 Qxa8 26.Bxg7 Kxg7 27.Qc3+ Be5 28.fxe5 Qe4+
29.Ka1 Qxe5 30.Qxe5+ Rxe5 31.b4 Rxe3 32.Rd1 Be6 33.Ng2 Rg3 34.Rh2 Rxg5 35.Nf4 Rg4
36.Rf2 Kf6 37.c6 g5 38.c7 Rxf4 39.Rxf4 gxf4 40.Rd6 Ke7 41.Rxe6+ Kd7 42.Re7+  1-0

[Event "Ceske Budejovice op"]
[Site "Ceske Budejovice"]
[Date "1996.??.??"]
[Round "2"]
[White "Jurka, Miroslav"]
[Black "Hrubant, Ivan"]
[Result "1/2-1/2"]
[WhiteElo "2340"]
[BlackElo "2190"]

1.Nf3 d5 2.d4 Nf6 3.c4 c6 4.Nc3 e6 5.e3 Nbd7 6.Bd3 dxc4 7.Bxc4 b5 8.Be2 a6
9.e4 b4 10.e5 bxc3 11.exf6 Nxf6 12.bxc3 Bd6 13.O-O O-O 14.Bg5 Qc7 15.Bxf6 gxf6
16.g3 Kh8 17.Nd2 c5 18.Bf3 Rb8 19.Ne4 f5 20.Nxd6 Qxd6 21.dxc5 Qxc5 22.Qd2 Bb7
23.Bxb7 Rxb7 24.Rab1 Rfb8 25.Rxb7 Rxb7 26.Qd8+ Kg7 27.Qg5+ Kf8 28.Rd1 Rb8
29.Qf6 Kg8 30.h4 Qc6 31.h5 Qf3 32.Rd8+ Rxd8 33.Qxd8+ Kg7 34.Qd4+ f6 35.Qd7+ Kh6
36.Qxe6 Qxc3 37.Qxf5 Qa1+ 38.Kg2 Qxa2 39.Qxf6+ Kxh5 40.Kh3 Qc4 41.Qf5+ Kh6
42.Qf6+ Kh5 43.Qf5+  1/2-1/2

[Event "Ceske Budejovice op"]
[Site "Ceske Budejovice"]
[Date "1996.??.??"]
[Round "4"]
[White "Neumann, Peter"]
[Black "Suran, Jan"]
[Result "1-0"]
[WhiteElo "2205"]
[BlackElo "2315"]

1.d4 d5 2.c4 c6 3.Nf3 Nf6 4.Nc3 e6 5.e3 Nbd7 6.Bd3 Bd6 7.O-O O-O 8.Qc2 Qe7
9.a3 Re8 10.Re1 e5 11.dxe5 Nxe5 12.Nxe5 Qxe5 13.f4 Qh5 14.g3 dxc4 15.Bxc4 Bf5
16.Qe2 Ng4 17.h4 Qg6 18.Qf3 b5 19.Bb3 Bc5 20.Kg2 Nf6 21.Qxc6 Qg4 22.Qf3 Qh3+
23.Kg1 Ne4 24.Bd5 Nxc3 25.Bxa8 Ne4 26.Bd5 Nxg3 27.b4 Be7 28.Ra2 Bg4 29.Qg2 Qxh4
30.Qh2 Bh3 31.Bg2 Nf5 32.Rf1 Bxg2 33.Rxg2 Qf6 34.Bb2 Qb6 35.Qh3 g6 36.Qxf5 Qxe3+
37.Kh1  1-0